La transición a la economía socialista / (Registro nro. 7871)

Detalles MARC
000 -LEADER
fixed length control field 01517nam a2200289Ia 4500
003 - CONTROL NUMBER IDENTIFIER
control field OSt
005 - DATE AND TIME OF LATEST TRANSACTION
control field 20210525115352.0
008 - FIXED-LENGTH DATA ELEMENTS--GENERAL INFORMATION
fixed length control field 210310s1974 sp gr 000 0 spa d
020 ## - INTERNATIONAL STANDARD BOOK NUMBER
International Standard Book Number 8424403428
040 ## - CATALOGING SOURCE
Original cataloging agency CO-JMCR
Transcribing agency CO-JMCR
041 1# - LANGUAGE CODE
Language code of text/sound track or separate title spa
Language code of original fre
082 04 - DEWEY DECIMAL CLASSIFICATION NUMBER
Classification number 335.411 /
Item number B565t
Edition number 23
100 1# - MAIN ENTRY--PERSONAL NAME
Personal name Bettelheim, Charles,
9 (RLIN) 15685
Relator term autor
245 13 - TITLE STATEMENT
Title La transición a la economía socialista /
Statement of responsibility, etc. Charles Bettelheim ; traducido por J. Sterling
250 ## - EDITION STATEMENT
Edition statement Primera edición
260 ## - PUBLICATION, DISTRIBUTION, ETC.
Place of publication, distribution, etc. Barcelona :
Name of publisher, distributor, etc. Fontanella,
Date of publication, distribution, etc. 1974
300 ## - PHYSICAL DESCRIPTION
Extent 356 páginas ;
Dimensions 20 cm.
490 0# - SERIES STATEMENT
Series statement Libros de Confrontación. Serie: económica ;
Volume/sequential designation 1
500 ## - GENERAL NOTE
General note Incluye notas a pie de página.<br/>Título original: La transition vers l´economie socialiste<br/>
504 ## - BIBLIOGRAPHY, ETC. NOTE
Bibliography, etc. note Bibliografía: páginas 353-356
505 0# - FORMATTED CONTENTS NOTE
Formatted contents note Problemática de la economía de transición -- Los marcos socioeconómicos y la organización de la planificación social -- Formas y métodos de la planificación socialista y nivel de desarrollo de las fuerzas productivas -- Contribución a la elaboración de una teoría de la economía política de la transición hacia el socialismo --- Categorías sociales y modo de producción socialista -- El problema de los precios en los países socialistas europeos. Algunas reflexiones en torno a un reciente debate
546 ## - LANGUAGE NOTE
Language note Traducción del francés.
650 14 - SUBJECT ADDED ENTRY--TOPICAL TERM
Topical term or geographic name entry element Economía marxista
9 (RLIN) 15687
650 24 - SUBJECT ADDED ENTRY--TOPICAL TERM
Topical term or geographic name entry element Precios
Geographic subdivision Países comunistas
9 (RLIN) 37864
700 1# - ADDED ENTRY--PERSONAL NAME
Personal name Sterling, J.,
Relator term traductor
9 (RLIN) 37865
942 ## - ADDED ENTRY ELEMENTS (KOHA)
Source of classification or shelving scheme Dewey Decimal Classification
Koha item type Books
Existencias
Withdrawn status Lost status Source of classification or shelving scheme Damaged status Not for loan Collection code Home library Current library Date acquired Source of acquisition Full call number Barcode Date last seen Copy number Koha item type
    Dewey Decimal Classification     Non-fiction Biblioteca Pública José María del Castillo y Rada Biblioteca Pública José María del Castillo y Rada 04/15/2018 Donación 335.411 / B565t 430003854 05/16/2024 Ej.1 Books